00253nam a2200085Ia 4500008004100000100002100041245005500062260004200117300000800159201217s9999 xx 000 0 und d aGreenhill, Basil 0aArchaeology of the Boat : A New Introductory Study aMiddletownbWesleyan University Press a320